Budú z Európskej únie Spojené štáty európske?

Vznik a vývoj Európskej únie, jej hlavné inštitúcie a rozhodovací proces. Integrácia SR do EÚ. Formy pomoci Slovensku zo strany EÚ. Finančné prostriedky z PHARE pre Slovensko. Delegácia Európskej komisie na Slovensku. Perspektívy a reálnosť vytvorenia Európskej menovej únie. Postoj občanov SR k vstu...

Descrizione completa

Salvato in:
Dettagli Bibliografici
Autore principale: Brunovský, O.
Altri autori: Repková, T., Švec, P.
Natura: Capitolo di libro
Lingua:slovacco
Soggetti:
Tags: Aggiungi Tag
Nessun Tag, puoi essere il primo ad aggiungerne!!

MARC

LEADER 00000naa a2200000 4500
001 r020113
005 20221205102906.3
041 0 |a slo 
044 |a SK 
245 1 0 |a Budú z Európskej únie Spojené štáty európske?  |c O. Brunovský, T. Repková, P. Švec 
520 |a Vznik a vývoj Európskej únie, jej hlavné inštitúcie a rozhodovací proces. Integrácia SR do EÚ. Formy pomoci Slovensku zo strany EÚ. Finančné prostriedky z PHARE pre Slovensko. Delegácia Európskej komisie na Slovensku. Perspektívy a reálnosť vytvorenia Európskej menovej únie. Postoj občanov SR k vstupu do EÚ. 
610 2 0 |a Európska únia 
610 2 0 |a integrácia ekonomická medzinárodná 
610 2 0 |a PHARE 
610 2 0 |a pomoc hospodárska 
610 2 0 |a pomoc finančná 
610 2 0 |a Slovensko 
610 2 0 |a Európska menová únia 
100 1 |a Brunovský, O. 
700 1 |a Repková, T. 
700 1 |a Švec, P.